Bytový dom

Saved in:
Bibliographic Details
Main Author: Kvasnica, Radoslav (Author)
Other Authors: Žilinský, Juraj (Thesis advisor)
Format: Manuscript Book
Language:Slovak
Published: 2022
Subjects:
Online Access:http://is.stuba.sk/zp/portal_zp.pl?podrobnosti=161896
https://opac.crzp.sk/?fn=detailBiblioForm&sid=EC9507141B5FF6F0400BCEC822A1
Tags: Add Tag
No Tags, Be the first to tag this record!

MARC

LEADER 00000ntm a22000003a 4500
001 stuzp84212
003 SK-STU
005 20230509084902.4
007 ta
008 150427s2015----xo-----f-mn---000-0-slo-d
040 |a STU  |b slo 
041 0 |a slo 
100 1 |a Kvasnica, Radoslav  |u 010180  |4 aut  |U SvF Stavebná fakulta  |T SvF Katedra konštrukcií pozemných stavieb  |X 87386  |U V180  |Y 18  |7 87386 
242 0 1 |a Apartment house  |y eng 
245 1 0 |a Bytový dom 
260 |c 2022 
650 4 |a Bytový dom  |2 slo 
650 4 |a Realizačný projekt  |2 slo 
650 4 |a Polyfunkčná jednotka  |2 slo 
650 4 |a Stavba  |2 slo 
650 4 |a Výkresová dokumentácia  |2 slo 
650 4 |a Stavebný objekt  |2 slo 
650 4 |a Apartment house  |2 eng 
650 4 |a Implementation project  |2 eng 
650 4 |a Construction  |2 eng 
650 4 |a Drawing documentation  |2 eng 
650 4 |a Building object  |2 eng 
650 4 |a Polyfunctional unit  |2 eng 
700 1 |a Žilinský, Juraj  |u 010180  |k Z1  |4 ths  |U SvF Stavebná fakulta  |T SvF Katedra konštrukcií pozemných stavieb  |X 556  |U V180  |Y 18  |7 A000000556 
856 4 |u http://is.stuba.sk/zp/portal_zp.pl?podrobnosti=161896 
856 4 |u https://opac.crzp.sk/?fn=detailBiblioForm&sid=EC9507141B5FF6F0400BCEC822A1